[Event "Fide Mercenarios 10th"]
[Site "MEX"]
[Date "1996.??.??"]
[Round "3"]
[White "Franco, David"]
[Black "Sorensen, J."]
[Result "1-0"]
[WhiteElo "2065"]
[BlackElo "2070"]

1.e4 e6 2.d4 d5 3.Nc3 Nf6 4.e5 Nfd7 5.f4 c5 6.Nf3 Nc6 7.Be3 cxd4 8.Nxd4 a6
9.a3 Bc5 10.Be2 Nxd4 11.Bxd4 Bxd4 12.Qxd4 Qb6 13.Qd1 Nc5 14.b4 Ne4 15.Nxe4 dxe4
16.c4 O-O 17.c5 Qc6 18.Qd4 Bd7 19.Rd1 Rfd8 20.Qe3 Qa4 21.Rd6 Bc6 22.O-O a5
23.f5 exf5 24.Rxf5 axb4 25.axb4 Qxb4 26.Rf1 Rxd6 27.cxd6 Rf8 28.Bg4 Bb5 29.Rd1 Qa4
30.d7 Qa5 31.Qc5 Rd8 32.Rb1 h5 33.Bh3 e3 34.Qxb5 Qd2 35.Qb6 e2 36.Qxd8+ Kh7
37.Qh4 Qe3+ 38.Kh1 g5 39.Bf5+ Kh6  1-0

[Event "Minsk"]
[Site "Minsk"]
[Date "1996.??.??"]
[Round "1"]
[White "Kruppa, Yuri"]
[Black "Savchenko, Stanislav"]
[Result "1/2-1/2"]
[WhiteElo "2580"]
[BlackElo "2585"]

1.e4 e6 2.d4 d5 3.Nc3 Nf6 4.e5 Nfd7 5.f4 c5 6.Nf3 Nc6 7.Be3 a6 8.Qd2 b5 9.Qf2 Qb6
10.Bd3 cxd4 11.Nxd4 Nxd4 12.Bxd4 Bc5 13.Ne2 Bxd4 14.Nxd4 Nc5 15.O-O O-O 16.b4 Ne4
17.Bxe4 dxe4 18.Nb3 Qxf2+ 19.Kxf2 Bb7 20.Ke3 Bd5 21.Nc5 a5 22.a3 Rfc8 23.c3  1/2-1/2

[Event "Moscow GM4"]
[Site "Moscow"]
[Date "1996.??.??"]
[Round "?"]
[White "Kazantsev, Valentin"]
[Black "Kiriakov, Petr"]
[Result "0-1"]
[WhiteElo "2275"]
[BlackElo "2515"]

1.e4 e6 2.d4 d5 3.Nc3 Nf6 4.e5 Nfd7 5.Nf3 c5 6.dxc5 Nc6 7.Bf4 Bxc5 8.Bd3 f6
9.exf6 Nxf6 10.O-O O-O 11.Bg3 Bd7 12.Qe2 Nh5 13.Kh1 Nxg3+ 14.fxg3 Qe7 15.Rae1 g6
16.Nb5 Rac8 17.Ne5 Rxf1+ 18.Rxf1 Nxe5 19.Qxe5 Qg7 20.Rf6 Rf8 21.Rxf8+ Bxf8
22.Qxg7+ Bxg7 23.Nxa7 Bxb2 24.Bb5 Bxb5 25.Nxb5 Be5 26.Kg1 Kf8 27.Kf2 Ke7
28.Ke3 Kd7 29.Na3 Bb2 30.Nb1 Kd6 31.Kd3 Kc5 32.c3 Bc1 33.Kc2 Bh6 34.a4 e5
35.Na3 Bf8 36.g4 Be7 37.Nb5 Kc4 38.h4 e4 39.g5 Bc5 40.g4 e3 41.Nc7 d4 42.cxd4 Bb4  0-1

[Event "RUS-Cup2"]
[Site "Moscow"]
[Date "1996.??.??"]
[Round "6"]
[White "Mozaliov, SV."]
[Black "Zlochevskij, Alexander"]
[Result "1/2-1/2"]
[WhiteElo "2300"]
[BlackElo "2415"]

1.e4 e6 2.d4 d5 3.Nc3 Nf6 4.e5 Nfd7 5.f4 c5 6.Nf3 Nc6 7.Be3 a6 8.Qd2 b5 9.dxc5 Bxc5
10.Bxc5 Nxc5 11.Qf2 Qb6 12.Bd3 b4 13.Ne2 a5 14.O-O Ba6 15.Kh1 Na4 16.Qg3 g6
17.b3 Nc5 18.Rad1 Ne4 19.Qh4 a4 20.Ng5 Nxg5 21.Qxg5 Qc5 22.Ng3 Qe7 23.Qh6 Qf8
24.Qg5 Qe7 25.Qh6 Qf8  1/2-1/2

[Event "Moscow Alekhine op"]
[Site "Moscow"]
[Date "1996.??.??"]
[Round "6"]
[White "Roschina, Tatiana"]
[Black "Nikolenko, Oleg"]
[Result "1/2-1/2"]
[WhiteElo "2315"]
[BlackElo "2485"]

1.e4 e6 2.d4 d5 3.Nc3 Nf6 4.e5 Nfd7 5.f4 c5 6.Nf3 Nc6 7.Be3 a6 8.Qd2 b5 9.Bd3 b4
10.Nd1 Qb6 11.c3 a5 12.O-O g6 13.Rc1 c4 14.Bc2 a4 15.cxb4 Bxb4 16.Qf2 a3
17.Rb1 axb2 18.Rxb2 Qa5 19.g4 c3 20.Rb1 Ba6 21.Re1 Qxa2 22.Ng5 Qc4 23.f5 Nd8
24.Qf4 Rb8 25.Nxf7 Nxf7 26.fxe6 O-O 27.exd7 Nd8 28.Qg3 Ne6 29.Nf2 Be7 30.Rbc1 Qc6
31.g5 Rb4 32.Qh4 Qxd7 33.Ng4 Qa7 34.Rcd1 Rb2 35.Rc1 Rb4 36.Rcd1 Rb2 37.Rc1 Rb4
38.Rcd1 Rb2 39.Rc1  1/2-1/2

[Event "Moscow-ch"]
[Site "Moscow"]
[Date "1996.??.??"]
[Round "8"]
[White "Zakharov, Alexander S"]
[Black "Lysova, Olga"]
[Result "1-0"]
[WhiteElo "2340"]
[BlackElo "2010"]

1.e4 e6 2.d4 d5 3.Nc3 Nf6 4.e5 Nfd7 5.Nf3 c5 6.dxc5 Nc6 7.Bf4 Bxc5 8.Bd3 f6
9.exf6 Nxf6 10.Qe2 Bd6 11.Bxd6 Qxd6 12.O-O-O O-O 13.Bb5 Bd7 14.Rhe1 Rfe8
15.Kb1 a6 16.Bxc6 bxc6 17.Qe5 Qb4 18.Rd4 Qb8 19.Na4 Qa7 20.Nc3 c5 21.Rh4 Rab8
22.Nd2 Qb6 23.b3 c4 24.Re3 Rf8 25.Qd4 cxb3 26.axb3 Ne4 27.Qd3 Bb5 28.Nxb5 Nxd2+
29.Qxd2 Qxb5 30.Rxe6 Qf1+ 31.Kb2 Qxg2 32.Qd3 g6 33.Re7  1-0

[Event "JUG-chT"]
[Site "Niksic"]
[Date "1996.??.??"]
[Round "?"]
[White "Sibarevic, Milenko"]
[Black "Stamenkovic, Zoran"]
[Result "0-1"]
[WhiteElo "2350"]
[BlackElo "2385"]

1.e4 e6 2.d4 d5 3.Nc3 Nf6 4.e5 Nfd7 5.f4 c5 6.Nf3 Nc6 7.Be3 a6 8.Qd2 b5 9.dxc5 Bxc5
10.Bxc5 Nxc5 11.Bd3 b4 12.Ne2 a5 13.Bb5 Qb6 14.Ned4 Bd7 15.Bxc6 Bxc6 16.O-O Bb5
17.Rfe1 O-O 18.Qe3 Ne4 19.Rab1 Rac8 20.g4 Nc5 21.Rbd1 Kh8 22.f5 Ne4 23.h4 exf5
24.gxf5 Rce8 25.Qf4 Bd7 26.Ng5 f6 27.exf6 Rxf6 28.Nxe4 dxe4 29.Rxe4 Ref8
30.Kh2 h6 31.Re5 R8f7 32.Rg1 Qd6 33.Rf1 g5 34.hxg5 hxg5 35.Qg3 Qxd4 36.Rxa5 Rh6+
37.Kg2 Bc6+ 38.Rf3 g4  0-1

[Event "RUS-Cup3"]
[Site "Omsk"]
[Date "1996.??.??"]
[Round "9"]
[White "Fedorov, Alexei"]
[Black "Volkov, Sergey"]
[Result "0-1"]
[WhiteElo "2555"]
[BlackElo "2485"]

1.e4 e6 2.d4 d5 3.Nc3 Nf6 4.e5 Nfd7 5.f4 c5 6.Nf3 Nc6 7.Be3 cxd4 8.Nxd4 Qb6
9.Qd2 Qxb2 10.Rb1 Qa3 11.Bb5 Ndb8 12.Bxc6+ bxc6 13.O-O Bc5 14.Rb3 Qa5 15.Rfb1 Bb6
16.Qc1 Bxd4 17.Bxd4 Nd7 18.f5 exf5 19.e6 fxe6 20.Qg5 Qd8 21.Qxg7 Rf8 22.Ne2 Qe7
23.Qh6 Nf6 24.Rb8 Rxb8 25.Rxb8 Kd8 26.Nf4 Rf7 27.Qg5 Kc7 28.Qg3 e5 29.Ra8 exf4
30.Qxf4+ Kd8 31.h3 Ne8 32.Kh2 Qe4 33.Qg5+ Kc7 34.Qd2 Nd6 35.Qa5+ Kd7 36.Qxa7+ Ke6
37.Qc5 Bb7 38.Ra3 f4 39.Rf3 Nf5 40.Bf2 Nd6 41.c3 Qc4 42.Qa7 Bc8 43.Qa5 Bd7
44.Qd8 Qxa2 45.Qg8 Qc2 46.Bd4 Qg6 47.Qh8 Qg5  0-1

[Event "Pan American-ch "]
[Site "?"]
[Date "1996.??.??"]
[Round "?"]
[White "Gallardo, Eduardo"]
[Black "Belmonte, Diego Mariano"]
[Result "1/2-1/2"]
[WhiteElo "2055"]
[BlackElo "2135"]

1.e4 e6 2.d4 d5 3.Nc3 Nf6 4.e5 Nfd7 5.f4 c5 6.Nf3 Nc6 7.Be3 cxd4 8.Nxd4 Bc5
9.Qd2 a6 10.O-O-O O-O 11.a3 Nxd4 12.Bxd4 b5 13.h4 Rb8 14.g4 b4 15.Bxc5 Nxc5
16.axb4 Rxb4 17.Nxd5 Ra4 18.Nc3 Qxd2+ 19.Rxd2 Rxf4 20.Be2 Ne4 21.Rd4 Nxc3
22.bxc3 Rf2 23.Bc4 Bb7 24.Rh3 a5 25.Rhd3 g6 26.Bb5 Re2 27.Ra4 Rxe5 28.c4 Re4
29.c5 Rxa4 30.Bxa4 Rc8 31.Rc3 Bc6 32.Bxc6 Rxc6 33.Kb2 e5 34.Kb3 Kf8 35.Kc4 Ke7
36.Kb5 Kd7 37.g5 e4 38.Re3 Re6 39.Kxa5 Kc6 40.Kb4 Re5 41.c3 f6  1/2-1/2

[Event "Komercni Banka op"]
[Site "Pardubice"]
[Date "1996.??.??"]
[Round "6"]
[White "Weteschnik, Martin"]
[Black "Rakay, Kvetoslav"]
[Result "1-0"]
[WhiteElo "2045"]
[BlackElo "2190"]

1.e4 e6 2.d4 d5 3.Nc3 Nf6 4.e5 Nfd7 5.f4 c5 6.Nf3 Nc6 7.Be3 cxd4 8.Nxd4 Be7
9.Qh5 Nxd4 10.Bxd4 g6 11.Qh6 Bf8 12.Qh3 a6 13.g4 Bg7 14.Bd3 h5 15.g5 Bf8
16.Bxg6 Nb8 17.Bxh5 Rg8 18.O-O-O b5 19.Bf2 Nc6 20.Ne4 Be7 21.Nf6+ Bxf6 22.gxf6 Qc7
23.Kb1 Bb7 24.Rhg1 O-O-O 25.Rxg8 Rxg8 26.Rxd5 Nb4 27.Rc5 Nc6 28.Qc3 Kb8 29.Bf3 Rc8
30.Bxc6 Bxc6 31.a4 Qd7 32.axb5 axb5 33.b3 Qd1+ 34.Kb2 Kb7 35.Qd4 Qf1 36.Rc3  1-0

[Event "Petah Tiqwa-B"]
[Site "Petah Tiqwa"]
[Date "1996.??.??"]
[Round "5"]
[White "Bar, Roman"]
[Black "Haimovich, Tal"]
[Result "1/2-1/2"]
[WhiteElo "2145"]
[BlackElo "2280"]

1.e4 e6 2.d4 d5 3.Nc3 Nf6 4.e5 Nfd7 5.f4 c5 6.Nf3 Nc6 7.Be3 a6 8.Qd2 b5 9.dxc5 Bxc5
10.Bxc5 Nxc5 11.Qf2 Qb6 12.Bd3 b4 13.Ne2 a5 14.O-O Ba6 15.Rad1 Rb8 16.Kh1 Bxd3
17.cxd3 Na4 18.Qxb6 Rxb6 19.Rd2 Kd7 20.Rc1 Rbb8 21.b3 Nb6 22.Ng5 Nd8 23.Rdc2 Rc8
24.Rxc8 Nxc8 25.Nd4 Na7 26.f5 Re8 27.fxe6+ Nxe6 28.Ngxe6 fxe6 29.g3 Rc8 30.Rxc8 Nxc8
31.Kg2 Ne7 32.Kf2 Nc6  1/2-1/2

[Event "JUG-ch Podgorica"]
[Site "Podgorica"]
[Date "1996.??.??"]
[Round "11"]
[White "Pikula, Dejan"]
[Black "Stojanovic, Mihajlo"]
[Result "1/2-1/2"]
[WhiteElo "2455"]
[BlackElo "2435"]

1.e4 e6 2.d4 d5 3.Nc3 Nf6 4.e5 Nfd7 5.f4 c5 6.Nf3 Nc6 7.Be3 a6 8.Qd2 b5 9.Qf2 b4
10.Nd1 Qb6 11.Bd3 cxd4 12.Nxd4 Nxd4 13.Bxd4 Bc5 14.Bxc5 Qxc5 15.a3 Rb8 16.O-O Qxf2+
17.Rxf2 Nc5 18.axb4 Rxb4 19.c3 Rb6 20.Bc2 Bb7 21.b4 Nd7 22.Ba4 Ke7 23.Bxd7 Kxd7
24.Nb2 Bc6 25.Nd3 Bb5 26.Nc5+ Ke7 27.Rfa2 Rc8 28.Kf2 Bc4 29.Ra4 f6 30.Ke3 fxe5
31.fxe5 Rbc6 32.g4 Rf8 33.h4 Rf7 34.Ra5 g6 35.R1a3 h5 36.Nxa6 hxg4 37.Nc5 Rf3+  1/2-1/2

[Event "JUG-ch Podgorica"]
[Site "Podgorica"]
[Date "1996.??.??"]
[Round "13"]
[White "Damljanovic, Branko"]
[Black "Kosic, Dragan"]
[Result "1-0"]
[WhiteElo "2510"]
[BlackElo "2515"]

1.e4 e6 2.d4 d5 3.Nc3 Nf6 4.e5 Nfd7 5.f4 c5 6.Nf3 Nc6 7.Be3 cxd4 8.Nxd4 Nxd4
9.Bxd4 Nb8 10.Qd2 Nc6 11.Bb5 Bd7 12.Bxc6 Bxc6 13.O-O Be7 14.f5 exf5 15.Rxf5 O-O
16.Raf1 Bd7 17.R5f3 Be6 18.Nb5 Qd7 19.Rb3 b6 20.a4 Rac8 21.Rg3 Kh8 22.c3 a6
23.Nd6 Bxd6 24.Rxg7 Bc5 25.Qh6 Bxd4+ 26.cxd4 Bf5 27.Rg5 f6 28.Rgxf5 Qxa4
29.Rxf6 Qxd4+ 30.Kh1  1-0

[Event "POL-chTJ"]
[Site "Poland"]
[Date "1996.??.??"]
[Round "?"]
[White "Nurkiewicz, Maciej"]
[Black "Ojrzynski, Blazej"]
[Result "1/2-1/2"]
[WhiteElo "2275"]
[BlackElo "2125"]

1.e4 e6 2.d4 d5 3.Nc3 Nf6 4.e5 Nfd7 5.f4 c5 6.Nf3 Nc6 7.Be3 cxd4 8.Nxd4 Bc5
9.Qd2 Nxd4 10.Bxd4 Bxd4 11.Qxd4 Qb6 12.O-O-O Qxd4 13.Rxd4 Ke7 14.g3 Nb6 15.a4 a5
16.b3 Bd7 17.Kb2 Rac8 18.Bd3 Rc7 19.Ne2 Nc8 20.b4 Nb6 21.b5 f6 22.Nc1 h6
23.Nb3 Rhc8 24.Ra1 Ra8 25.Re1 f5 26.Rg1 h5 27.h3 Be8 28.g4 hxg4 29.hxg4 g6
30.Rh1 Nd7 31.c4 dxc4 32.Bxc4 fxg4 33.Rh7+ Bf7 34.b6 Nxb6 35.Bxe6 Nxa4+ 36.Rxa4 Kxe6
37.Rd4 a4 38.Rd6+ Ke7 39.Rxg6 axb3 40.e6 Rf8 41.f5 Rc2+ 42.Kxb3 Rc5 43.Rxf7+ Rxf7
44.exf7 Rxf5 45.Rxg4 Rxf7 46.Rg6  1/2-1/2

[Event "CZE-ch U18"]
[Site "Prague"]
[Date "1996.??.??"]
[Round "2"]
[White "Domlatil, J."]
[Black "Klimes, Martin"]
[Result "1/2-1/2"]
[WhiteElo "1730"]
[BlackElo "1975"]

1.e4 e6 2.d4 d5 3.Nc3 Nf6 4.e5 Nfd7 5.f4 c5 6.Nf3 Nc6 7.Ne2 Be7 8.c3 O-O
9.Ng3 Qb6 10.Bd3 cxd4 11.h4 f6 12.Ng5 fxg5 13.Bxh7+ Kxh7 14.hxg5+ Kg8 15.g6 Bg5
16.fxg5 Re8 17.Qh5 Kf8 18.Qh8+ Ke7 19.Qxg7+ Kd8 20.Rh8 Ncxe5 21.Rxe8+ Kxe8
22.Qh8+ Ke7 23.g7 dxc3 24.g8=Q Nd3+ 25.Ke2 Qf2+ 26.Kxd3 Nc5+ 27.Kxc3 Qxg3+
28.Kd2 Qxg2+ 29.Ke3 Qg3+ 30.Ke2  1/2-1/2

[Event "Recklinghausen"]
[Site "Recklinghausen"]
[Date "1996.??.??"]
[Round "2"]
[White "Skripchenko, Almira"]
[Black "Piskov, Yury"]
[Result "1/2-1/2"]
[WhiteElo "2370"]
[BlackElo "2510"]

1.e4 e6 2.d4 d5 3.Nc3 Nf6 4.e5 Nfd7 5.f4 c5 6.Nf3 Nc6 7.Be3 a6 8.Qd2 b5 9.dxc5 Bxc5
10.Bxc5 Nxc5 11.Qf2 Qb6 12.Bd3 b4 13.Ne2 a5 14.O-O Ba6 15.Kh1 Ne7 16.b3 h6
17.Rad1 O-O 18.g4 Rfb8 19.Nfd4 Ne4 20.Qe3 Nc6 21.Rg1 Bxd3 22.Rxd3 Rc8 23.Rg2 Rc7
24.h4 a4 25.g5 h5 26.g6 axb3 27.axb3 Ra1+ 28.Kh2 Nxd4 29.Nxd4 Rf1 30.f5 exf5
31.gxf7+ Rxf7 32.Qe2 Rf4 33.Qxh5 Qc7 34.Ne6 Qxe5 35.Rxg7+ Rxg7 36.Qe8+ Kh7
37.Qh5+ Kg8  1/2-1/2

[Event "Recklinghausen"]
[Site "Recklinghausen"]
[Date "1996.??.??"]
[Round "8"]
[White "Skripchenko, Almira"]
[Black "Repkova Eid, Eva"]
[Result "1-0"]
[WhiteElo "2370"]
[BlackElo "2345"]

1.e4 e6 2.d4 d5 3.Nc3 Nf6 4.e5 Nfd7 5.f4 c5 6.Nf3 Nc6 7.Be3 a6 8.Qd2 b5 9.dxc5 Bxc5
10.Bxc5 Nxc5 11.Qf2 Qb6 12.Bd3 b4 13.Ne2 Bd7 14.O-O Na5 15.b3 Bb5 16.Kh1 Bxd3
17.cxd3 Qb5 18.f5 Nab7 19.Nfd4 Qd7 20.Qg3 O-O-O 21.a3 a5 22.axb4 axb4 23.Qxg7 Rhg8
24.Qxh7 Rgf8 25.fxe6 Nxe6 26.Nxe6 Qxe6 27.Nd4 Qg4 28.Rac1+ Kb8 29.Nc6+  1-0

[Event "Regensburg op"]
[Site "Regensburg"]
[Date "1996.??.??"]
[Round "2"]
[White "Werner, Veronika"]
[Black "Piskov, Yury"]
[Result "0-1"]
[WhiteElo "2210"]
[BlackElo "2520"]

1.e4 e6 2.d4 d5 3.Nc3 Nf6 4.e5 Nfd7 5.f4 c5 6.Nf3 Nc6 7.Be3 a6 8.Qd2 b5 9.dxc5 Bxc5
10.Bxc5 Nxc5 11.Bd3 Qb6 12.O-O-O b4 13.Ne2 a5 14.Rhe1 a4 15.Kb1 b3 16.a3 bxc2+
17.Qxc2 Ba6 18.Bxa6 Rxa6 19.Rc1 Nb3 20.Rcd1 O-O 21.f5 Nca5 22.f6 Nc4 23.fxg7 Rb8
24.Ka2 Nc5 25.Rb1 Qb3+ 26.Qxb3 axb3+ 27.Ka1 Nd3  0-1

[Event "Reykjavik op"]
[Site "Reykjavik"]
[Date "1996.??.??"]
[Round "2"]
[White "Ulfarsson, Magnus Orn"]
[Black "Gausel, Einar"]
[Result "0-1"]
[WhiteElo "2290"]
[BlackElo "2515"]

1.e4 e6 2.d4 d5 3.Nc3 Nf6 4.e5 Nfd7 5.f4 c5 6.Nf3 Nc6 7.Be3 cxd4 8.Nxd4 Bc5
9.Qd2 O-O 10.O-O-O a6 11.h4 Bxd4 12.Bxd4 b5 13.Kb1 b4 14.Na4 Qa5 15.b3 Nxd4
16.Qxd4 Bb7 17.h5 Rac8 18.Bd3 Bc6 19.f5 Qc7 20.fxe6 fxe6 21.h6 g6 22.Qg4 Bxa4
23.Bxg6 Nxe5 24.Bf7+ Kxf7 25.Rhf1+ Ke7 26.Qxb4+ Qc5 27.Qh4+ Kd6  0-1

[Event "Rieden op"]
[Site "Rieden"]
[Date "1996.??.??"]
[Round "?"]
[White "Schmidt, G."]
[Black "Dobos, Jozsef"]
[Result "1/2-1/2"]
[WhiteElo "2195"]
[BlackElo "2355"]

1.e4 e6 2.d4 d5 3.Nc3 Nf6 4.e5 Nfd7 5.f4 c5 6.Nf3 Nc6 7.Be3 cxd4 8.Nxd4 Bc5
9.Qd2 a6 10.O-O-O O-O 11.Nb3 Be7 12.Qf2 b5 13.Bd3 Bb7 14.Nc5 Nxc5 15.Bxc5 Bxc5
16.Qxc5 Rc8 17.Qe3 Qh4 18.Qg3 Qh6 19.Kb1 Nb4 20.Ne2 f6 21.Nd4 fxe5 22.fxe5 Nc6
23.Nxc6 Bxc6 24.Rhf1 Qh5 25.Qh3 Qxh3 26.gxh3 Rxf1 27.Rxf1 Be8 28.Rf4 a5 29.c3 Rc7  1/2-1/2

[Event "EU-ch U16 Girls"]
[Site "Rimavska Sobota"]
[Date "1996.??.??"]
[Round "2"]
[White "Iwaniuk, Dorota"]
[Black "Lysova, Olga"]
[Result "1-0"]
[WhiteElo "2150"]
[BlackElo "2010"]

1.e4 e6 2.d4 d5 3.Nc3 Nf6 4.e5 Ne4 5.Nxe4 dxe4 6.Be3 c5 7.dxc5 Nd7 8.Qg4 Nxc5
9.Ne2 Qa5+ 10.Nc3 Bd7 11.O-O-O Na4 12.Nxe4 Qxe5 13.Bd4 Qf5 14.Qxf5 exf5 15.Ng5 f6
16.Re1+ Be7 17.Ne6 Bxe6 18.Rxe6 Kd7 19.Bc4 Nc5 20.Rxe7+ Kxe7 21.Bxc5+ Kd7
22.Re1 Kc6 23.Bd4 Rhe8 24.Re6+ Rxe6 25.Bxe6 Rd8 26.c3 g6 27.Bb3 Rf8 28.Bd1 b6
29.Bf3+ Kc7 30.Kd2 g5 31.g3 Rd8 32.Bd1 h6 33.Bc2 f4 34.gxf4 g4 35.f5 h5 36.Bb3 Kd6
37.Ke3 Ke7 38.Be6 Rd6 39.c4 Rc6 40.b4 Rc7 41.c5 bxc5 42.Bxc5+ Ke8 43.Kd4  1-0

[Event "EU-ch U18"]
[Site "Rimavska Sobota"]
[Date "1996.??.??"]
[Round "4"]
[White "Mai, Philipp"]
[Black "Piceu, Tom"]
[Result "1-0"]
[WhiteElo "2150"]
[BlackElo "2210"]

1.e4 e6 2.d4 d5 3.Nc3 Nf6 4.e5 Nfd7 5.f4 c5 6.Nf3 Nc6 7.Be3 Qb6 8.Na4 Qa5+
9.c3 cxd4 10.b4 Nxb4 11.cxb4 Bxb4+ 12.Bd2 Bxd2+ 13.Nxd2 g5 14.Rb1 gxf4 15.Bb5 Ke7
16.Qg4 Nxe5 17.Qxf4 f6 18.O-O Rf8 19.Qxd4 b6 20.Rb4 Nc4 21.Qc3 Bd7 22.Bxd7 Nxd2
23.Qc7 f5 24.Rh4 Nf3+ 25.gxf3 Rg8+ 26.Kh1 Qd2 27.Bxe6+  1-0

[Event "EU-ch U16 Girls"]
[Site "Rimavska Sobota"]
[Date "1996.??.??"]
[Round "9"]
[White "Calota, Alina"]
[Black "Lysova, Olga"]
[Result "1-0"]
[WhiteElo "2130"]
[BlackElo "2010"]

1.e4 e6 2.d4 d5 3.Nc3 Nf6 4.e5 Ne4 5.Nxe4 dxe4 6.Be3 c5 7.dxc5 Nd7 8.Qg4 Nxc5
9.Bb5+ Nd7 10.Ne2 Qa5+ 11.Nc3 a6 12.Bxd7+ Bxd7 13.Bd4 Bc6 14.O-O O-O-O 15.Rfd1 Rxd4
16.Rxd4 Qxe5 17.Rad1 Bc5 18.Rd5 Bxd5 19.Rxd5 Qc7 20.Qxg7 Re8 21.Qe5 Be7 22.Qxc7+ Kxc7
23.Re5 Bf6 24.Rxe4 Bxc3 25.Rc4+ Kd6 26.Rxc3 Re7 27.Kf1 e5 28.Ke2 f5 29.Rf3 Ke6
30.Rh3 e4 31.Rh6+ Ke5 32.g3 Rf7 33.Ke3 Rc7 34.c3 Rd7 35.h4 Rd3+ 36.Ke2 Rd7
37.h5 f4 38.gxf4+ Kxf4 39.Rb6 Re7 40.h6 Rd7 41.c4 Ke5 42.c5 Kd5 43.b4 a5
44.c6 bxc6 45.bxa5 Ra7 46.a6 c5 47.a4 c4 48.Kd2 Kd4 49.Kc2 Rf7 50.Rb7 Rxf2+
51.Kd1 Rf8 52.a7 Kd3 53.Rd7+ Kc3 54.Rxh7 Rd8+ 55.Ke2 Kc2 56.Rb7 Ra8 57.h7 c3
58.Rb8  1-0

[Event "Salongernas IM"]
[Site "Salongernas"]
[Date "1996.??.??"]
[Round "?"]
[White "Wallace, John Paul"]
[Black "Vanderwaeren, Serge"]
[Result "1-0"]
[WhiteElo "2370"]
[BlackElo "2285"]

1.d4 e6 2.e4 d5 3.Nc3 Nf6 4.e5 Nfd7 5.f4 c5 6.Nf3 Qb6 7.Na4 Qc6 8.c3 c4 9.b3 b5
10.Nb2 b4 11.bxc4 bxc3 12.Na4 dxc4 13.Nxc3 Bb4 14.Bd2 Nb6 15.Ng5 Nd5 16.Nxd5 Bxd2+
17.Qxd2 exd5 18.Be2 h6 19.Nf3 O-O 20.O-O Na6 21.Nh4 Rb8 22.Rac1 Rb4 23.f5 Qb6
24.Qe3 Nc7 25.f6 g5 26.Kh1 Rb2 27.Bh5 Kh7 28.Nf3 Qb4 29.Nxg5+ hxg5 30.Qxg5 Ne6
31.Qf5+ Kh6 32.h4 Rxg2 33.Bf3 Rg5 34.hxg5+ Nxg5 35.Qf4 Kg6 36.Qh4 Kf5 37.Bg4+  1-0

[Event "Schwaebisch Gmund op"]
[Site "Schwaebisch Gmund"]
[Date "1996.??.??"]
[Round "9"]
[White "Beuchler, Holger"]
[Black "Kaminik, Aleksandar"]
[Result "0-1"]
[WhiteElo "2185"]
[BlackElo "2255"]

1.e4 e6 2.d4 d5 3.Nc3 Nf6 4.e5 Nfd7 5.f4 c5 6.Nf3 Nc6 7.Be3 a6 8.Qd2 b5 9.dxc5 Bxc5
10.Nd4 Qb6 11.O-O-O Bb7 12.g4 g5 13.f5 Ndxe5 14.fxe6 fxe6 15.Bg2 O-O-O 16.Bg1 Nc4
17.Qd3 Nxd4 18.Bxd4 Bxd4 19.Qxd4 Qxd4 20.Rxd4 Ne3  0-1

[Event "Petrov mem"]
[Site "St Petersburg"]
[Date "1996.??.??"]
[Round "5"]
[White "Timoshenko, Georgy"]
[Black "Volkov, Sergey"]
[Result "1/2-1/2"]
[WhiteElo "2500"]
[BlackElo "2460"]

1.e4 e6 2.d4 d5 3.Nc3 Nf6 4.e5 Nfd7 5.f4 c5 6.Nf3 a6 7.Ne2 cxd4 8.Nexd4 Nc6
9.c3 Qb6 10.g3 Be7 11.Qe2 Nxd4 12.Nxd4 O-O 13.Be3 Qc7 14.Bg2 Nb8 15.O-O Nc6
16.Kh1 Bd7 17.Rf2 Rac8 18.Rd1 Qa5 19.a3 Qa4 20.f5 Nxd4 21.Rxd4 Qb5 22.Qd2 f6
23.exf6 Rxf6 24.Bg5 Rf7 25.fxe6 Bxe6 26.Rxf7 Kxf7 27.Rf4+ Ke8 28.Bxe7 Kxe7
29.Rf2 Rf8 30.Re2 Kd7 31.h4 Rf6 32.Kh2 h6 33.Qe3 g5 34.h5 Kc8 35.Re1 Bd7
36.Qd4 Rd6 37.Qe5 Kc7 38.Rd1 d4 39.Qxb5 Bxb5 40.cxd4 Be2 41.Rc1+ Kb8 42.d5 Bxh5
43.Re1 Kc7 44.Kg1 Bf7 45.Re7+  1/2-1/2

[Event "Petrov mem"]
[Site "St Petersburg"]
[Date "1996.??.??"]
[Round "7"]
[White "Kalegin, Evgenij"]
[Black "Kruppa, Yuri"]
[Result "1/2-1/2"]
[WhiteElo "2495"]
[BlackElo "2580"]

1.e4 e6 2.d4 d5 3.Nc3 Nf6 4.e5 Nfd7 5.f4 c5 6.Nf3 Nc6 7.Be3 cxd4 8.Nxd4 Bc5
9.Qd2 Nxd4 10.Bxd4 b6 11.O-O-O Bb7 12.h4 Qe7 13.Rh3 O-O 14.Bb5 Bxd4 15.Qxd4 Nc5
16.Bd3 Rac8 17.g4 f5 18.gxf5 Nxd3+ 19.Qxd3 Rxf5 20.Ne2 Bc6 21.Rg1 Be8 22.Qd2 Bg6
23.Nd4 Rf7 24.h5 Be4 25.Rhg3 Kh8 26.Rg4 Qe8 27.b3 Rfc7 28.Qh2 Qf8 29.R4g2 a5
30.Rd2 a4 31.Qg3 axb3 32.axb3 Ra8 33.Nb5 Rf7 34.Nd6 Rxf4 35.Kb2 Rf1 36.Qe3 b5
37.Rd1 Rf2 38.Rd2 Rf3 39.Qc5 Qf4 40.Nxe4 Qxe4 41.Qc7 Rg8 42.Rdg2 Qd4+ 43.Kb1 Qf4
44.Kb2 Rf1 45.Rxf1 Qxf1 46.Rg4 Qd1 47.Rxg7 Qd4+ 48.Kb1 Qd1+ 49.Kb2  1/2-1/2

[Event "SUI-chT"]
[Site "SUI"]
[Date "1996.??.??"]
[Round "4"]
[White "Franzoni, Giancarlo"]
[Black "Kelecevic, Nedeljko"]
[Result "1/2-1/2"]
[WhiteElo "2460"]
[BlackElo "2475"]

1.e4 e6 2.d4 d5 3.Nc3 Nf6 4.e5 Nfd7 5.f4 c5 6.Nf3 Nc6 7.Be3 cxd4 8.Nxd4 Bc5
9.Qd2 Bxd4 10.Bxd4 Nxd4 11.Qxd4 Qb6 12.Qd2 Nc5 13.O-O-O Bd7 14.Kb1 Na4 15.Nxa4 Bxa4
16.Bd3 Bb5 17.Rhf1 O-O-O 18.Rf3 Kb8 19.Rg3 g6 20.Bxb5 Qxb5 21.Rb3 Qc5 22.Rc3 Qb6
23.Qd4 Qxd4 24.Rxd4 h5 25.Kc1 Rc8 26.Rxc8+ Rxc8 27.Kd2 Rc6 28.a4 a5 29.b3 Kc7
30.Kd3 Rb6 31.g3 Kd7 32.Kc3 Rc6+ 33.Kb2 Ke7 34.Rd3 Rc5 35.h3 b6 36.Kc1 f6
37.Kd2 fxe5 38.fxe5 d4 39.Rxd4 Rxe5 40.h4 Rf5  1/2-1/2

[Event "SVK-chT9596"]
[Site "?"]
[Date "1996.??.??"]
[Round "1"]
[White "Betko, Lubomir"]
[Black "Likavsky, Tomas"]
[Result "1/2-1/2"]
[WhiteElo "2195"]
[BlackElo "2295"]

1.e4 e6 2.d4 d5 3.Nc3 Nf6 4.e5 Nfd7 5.f4 c5 6.Nf3 Nc6 7.Be3 a6 8.Qd2 b5 9.dxc5 Bxc5
10.Bxc5 Nxc5 11.Qf2 Qe7 12.Bd3 b4 13.Ne2 a5 14.O-O Ba6 15.Rad1 Nxd3 16.cxd3 Rc8
17.f5 exf5 18.Nf4 Qa7 19.Qxa7 Nxa7 20.Nxd5 Rc2 21.Rf2 Rxf2 22.Kxf2 Kd7 23.Rc1 Nc6
24.d4 f6 25.exf6 gxf6 26.Nxf6+ Kd6 27.Rc5 Bd3 28.Rxc6+ Kxc6 29.Ne5+ Kd6 30.Nxd3 h5
31.Nc5 Rh6 32.Nfd7 Kd5 33.Ke3 f4+ 34.Kxf4 Kxd4 35.Kg5 Rh8 36.g3 Kc4 37.Na4 Kd3
38.Nf6 Kc2 39.Ne4 Kb1 40.b3 Kxa2 41.Nac5 Kb2 42.h4 Kc2 43.g4 hxg4 44.Kxg4 Rg8+
45.Kh3 Re8 46.h5 a4 47.bxa4 b3 48.Nxb3 Rxe4 49.Nc5 Re5 50.Nb7 Rxh5+ 51.Kg4 Rh7
52.Nc5 Rc7 53.Ne4 Rc4 54.Kf5 Rxa4 55.Ke5 Ra8 56.Kd4 Rd8+ 57.Ke3 Kb3 58.Nf2 Kc4
59.Ne4 Re8 60.Kf4 Kd4 61.Nd6 Rf8+ 62.Nf5+ Kd5 63.Kg5 Ke5 64.Nh6 Ke6 65.Kg4  1/2-1/2

[Event "SVK-chT9596"]
[Site "?"]
[Date "1996.??.??"]
[Round "9"]
[White "Betko, Lubomir"]
[Black "Rakay, Kvetoslav"]
[Result "1/2-1/2"]
[WhiteElo "2195"]
[BlackElo "2205"]

1.e4 e6 2.d4 d5 3.Nc3 Nf6 4.e5 Nfd7 5.f4 c5 6.Nf3 Nc6 7.Be3 Be7 8.Qd2 a6
9.Bd3 g6 10.O-O b5 11.dxc5 Nxc5 12.Qf2 Nxd3 13.cxd3 Bb7 14.Rac1 Rc8 15.Bb6 Qd7
16.Nd4 Nxd4 17.Qxd4 O-O 18.Ne4 Rxc1 19.Rxc1 Rc8 20.Bc5 Kg7 21.b4 Qd8 22.Nd2 Qd7
23.Ne4 Qd8 24.Nd2 Qd7 25.Nb3 Bd8 26.Kf1 Kg8 27.Bd6 Rxc1+ 28.Nxc1 f5 29.Nb3 Qc6
30.Qc5 Qxc5 31.Bxc5 Bc6 32.Ba7 Bd7 33.Kf2 g5 34.g3 gxf4 35.gxf4 Kf7 36.Ke3 Kg6
37.Nc5 Bc8 38.a4 Kh5 39.Kf3 Be7 40.a5 Bh4 41.Nb3 Be1 42.Bc5 Kh4 43.Bf2+ Bxf2
44.Kxf2 Kh3 45.d4 Kxh2 46.Nc5 Kh3 47.Kf3 Kh4 48.Nd3 Bd7 49.Nc5 Bc8  1/2-1/2

[Event "Tampere Elo Taraus op"]
[Site "Tampere"]
[Date "1996.??.??"]
[Round "7"]
[White "Penttinen, Jarkko"]
[Black "Manninen, Marko"]
[Result "0-1"]
[WhiteElo "2265"]
[BlackElo "2380"]

1.e4 e6 2.d4 d5 3.Nc3 Nf6 4.e5 Nfd7 5.f4 c5 6.Nf3 Nc6 7.Be3 a6 8.Qd2 b5 9.dxc5 Bxc5
10.Bxc5 Nxc5 11.Qf2 Qb6 12.Bd3 Rb8 13.O-O Nb4 14.Rfd1 Bd7 15.Ne2 O-O 16.Ned4 h6
17.g4 f6 18.g5 fxg5 19.Ne2 gxf4 20.h4 Be8 21.Kh2 Ncxd3 22.Qxb6 Rxb6 23.cxd3 Bg6
24.d4 Rc6 25.Rdc1 Nc2 26.Rab1 Be4 27.Neg1 Rfc8 28.b3  0-1

[Event "EU-ch U20 Girls"]
[Site "Tapolca"]
[Date "1996.??.??"]
[Round "1"]
[White "Kouwenhoven, Marisca"]
[Black "Lomineishvili, Maia"]
[Result "0-1"]
[WhiteElo "2120"]
[BlackElo "2320"]

1.e4 e6 2.d4 d5 3.Nc3 Nf6 4.e5 Nfd7 5.f4 c5 6.Nf3 Nc6 7.Be3 cxd4 8.Nxd4 g5
9.Qh5 Nxd4 10.Bxd4 gxf4 11.O-O-O Bc5 12.Nb5 a6 13.Nd6+ Bxd6 14.exd6 Rg8 15.Qxh7 Qg5
16.h4 Qg6 17.Bd3 Qxh7 18.Bxh7 Rxg2 19.Rdg1 Rg3 20.h5 e5 21.Bf2 Rxg1+ 22.Rxg1 Nf6
23.Bh4 Nxh7 24.Rg8+ Kd7 25.Rd8+ Kc6 26.d7 Kc7 27.Rh8 Bxd7 28.Rxa8 Bc8 29.Be7 f3
30.Kd2 e4 31.c3 f5 32.h6 f4 33.Bd6+ Kxd6 34.Rxc8 e3+ 35.Ke1 f2+ 36.Kf1 Ng5
37.Rf8 Ke5 38.Ke2 Ne4 39.Re8+ Kf6  0-1